000 00770nam a22002057a 4500
999 _c3785
_d3785
003 AR-CdUCM
008 190307b ||||| |||| 00| 0 spa d
040 _aMUNICIPALIDAD PROVINCIAL DEL CUSCO
_cBIBLIOTECA MUNICIPAL DEL CUSCO
082 _a869.56 /
_bF61
100 _aFlórez Becerra, Félix
_912218
245 _a50 Poemas de Vida y 2 cantos de muerte :
_bAntologia, Homenaje al 464 ° Aniversario de Arequipa a César Vallejo /
260 _aArequipa :
_bEMAVI'S E.I.R.L ,
_c2004.
300 _a200 páginas ;
_c20.8 cm.
500 _aHomenaje a César Vallejo incluyendo los poemas de la Madonna y otras causas licitas
650 _aPoesia Peruana
_9280
650 _aVallejo
_912219
650 _aHomenaje Literario
_912220
942 _2ddc
_cLIBROS
945 _artm